Solid-liquid separation: principles of industrial filtration
Guardat en:
| Autors principals: | , |
|---|---|
| Format: | Llibre |
| Idioma: | anglès |
| Publicat: |
Oxford
Elsevier
2005
|
| Matèries: | |
| Etiquetes: |
Afegir etiqueta
Sense etiquetes, Sigues el primer a etiquetar aquest registre!
|
MARC
| LEADER | 00000nam a2200000 a 4500 | ||
|---|---|---|---|
| 001 | UCI1188 | ||
| 003 | CL-VaPUC | ||
| 008 | 070622e20050000UK |||||||||||||||||eng|d | ||
| 020 | |a 1856174190 | ||
| 082 | 0 | 4 | |a 660.2842 |b WAK |2 21 |
| 100 | 0 | |a Wakeman, Richard J |e author |9 521525 | |
| 700 | 0 | |a Tarleton, E. S |e author |9 521526 | |
| 245 | 1 | 0 | |a Solid-liquid separation: principles of industrial filtration |
| 300 | |a 339 p | ||
| 942 | |c BK | ||
| 945 | |d 20070622 00:00:00 |a jtorresc | ||
| 260 | |a Oxford |b Elsevier |c 2005 | ||
| 650 | 7 | |a SEPARACION QUIMICA |2 CL-VaPUC |9 342424 | |
| 650 | 0 | |a Filtración |9 323900 | |
| 650 | 7 | |a FILTROS |2 CL-VaPUC |9 323901 | |
| 650 | 7 | |a EQUIPOS Y ACCESORIOS |2 CL-VaPUC |9 10 | |
| 650 | 7 | |a SIMULADOR POR COMPUTADOR |2 CL-VaPUC |9 521527 | |
| 583 | |a last modification |c 20070622 00:00:00 |k Rodrigo Vera | ||
| 999 | |c 326029 |d 326027 | ||
| 952 | |0 0 |1 0 |4 0 |6 660_284200000000000_WAK_2005 |7 0 |8 A |9 407646 |a BIBING |b BIBING |d 2019-11-22 |i 4348745 |l 1 |o 660.2842 WAK 2005 |p 4348745 |r 2025-01-20 |s 2022-07-05 |w 2019-11-22 |y BK |k EIQ | ||